00435nam a2200157Ia 45000010006000000050017000060080041000230410008000640820015000721000042000872450095001292600009002243000028002336500008002616540008002691871520260306171651.0260306s9999||||xx |||||||||||||| ||und|| aESP a658.5bC33 aCastán Farrero, José MaríaeAUT 0aLa logística en la empresa:bun área estratégica para alcanzar ventajas competitivas c2012 a258 páginas :c23 cm. aGEN aCAN